Religiöseste Länder der Welt - Statistiken

Allgemein
  • Dieses Quiz wurde 658 mal gespielt
  • Das Durchschnittsergebnis liegt bei 11 aus 26
Antwortstatistiken
Platz Land Anteil religiöser Personen % Korrekt
6. Indonesien 99%
67%
12. Afghanistan 97%
64%
12. Ägypten 97%
61%
1. Niger 100%
61%
6. Jemen 99%
59%
12. Marokko 97%
58%
20. Nigeria 96%
57%
1. Oman 100%
56%
20. Malaysia 96%
51%
1. Somalia 100%
50%
12. Thailand 97%
49%
1. Bangladesch 100%
43%
12. Laos 97%
42%
9. Mauretanien 98%
42%
20. Philippinen 96%
42%
20. Senegal 96%
42%
12. Myanmar 97%
41%
20. Jordanien 96%
40%
20. Kambodscha 96%
40%
12. Guinea 97%
33%
1. Sri Lanka 100%
32%
9. Dschibuti 98%
30%
20. Kamerun 96%
27%
12. Komoren 97%
20%
9. Burundi 98%
19%
6. Malawi 99%
18%
Keine übereinstimmenden Quizze gefunden
Verteilung der Resultate
Anzahl Personen mit jedem Resultat
Perzentil nach korrekt beantworteten Fragen
Ihre Resultats-Entwicklung
Sie haben dieses Quiz noch nicht gespielt